Islamic Finance/ (Record no. 194975)

MARC details
000 -LEADER
fixed length control field 00566nam a22001817a 4500
005 - DATE AND TIME OF LATEST TRANSACTION
control field 20230206110351.0
010 ## - LCCN (DPL NO)
LC control number ENG-136122
020 ## - INTERNATIONAL STANDARD BOOK NUMBER
International Standard Book Number 9788180883774
Terms of availability 170.00
035 ## - SYSTEM CONTROL NUMBER
System control number EN-119654
037 ## - SOURCE OF ACQUISITION
Source of stock number/acquisition DBAD/PUB
082 ## - DEWEY DECIMAL CLASSIFICATION NUMBER
Classification number 332.091767
100 ## - MAIN ENTRY--PERSONAL NAME
Personal name Zubairi, Suhail
245 ## - TITLE STATEMENT
Title Islamic Finance/
Statement of responsibility, etc Suhail zubairi
260 ## - PUBLICATION, DISTRIBUTION, ETC. (IMPRINT)
Place of publication, distribution, etc New Delhi
Name of publisher, distributor, etc Markazi Maktaba Islami Publishers
Date of publication, distribution, etc 2013
270 ## - ADDRESS
Address D-307, Dawat Nagar, Abul Fazl Enclave, Jamia Nagar, Okhla
City New Delhi
Postal code 110025
300 ## - PHYSICAL DESCRIPTION
Extent 220p.
Dimensions 22cm(pbk)
942 ## - ADDED ENTRY ELEMENTS (KOHA)
Source of classification or shelving scheme Dewey Decimal Classification
Item type English Books
Classification part 332.091767
Call number suffix ZUB
Holdings
Withdrawn status Lost status Not for loan Collection code Home library Current library Date acquired Source of acquisition Cost, normal purchase price Full call number Barcode Copy number Cost, replacement price Koha item type
      Non-fiction R.K.Puram-8 R.K.Puram-8 06/02/2023 DBAD/PUB 170.00 332.091767 ZUB EN-119654 1 170.00 English Books

© Delhi Public Library
Hit Counter
free hit counter